00552 2200169 4500245005500000020002200055250001100077100001900088650002300107005001900130260003700149041001400186084000800200500013000208490003500338336000900373 aBatuan dan Mineral Volume 13cA. Ari DartoyohText a978-602-7706-13-2 aCet. 1 aA. Ari Dartoyo aEnsiklopedia Sains a20231108103851 aJakartabIndonesia Printerc2012 aIndonesia a503 aDaftar Isi : Dinamika Gerak Bumi, Mineral, Pembentukan dan Perubahan Batuan, Jenis-jenis Batuan, Kegunaan Batuan dan Mineral. aEnsiklopedia Sains Spektakuler atext